| 000 | 00490nam a22001697a 4500 | ||
|---|---|---|---|
| 999 |
_c190548 _d190548 |
||
| 005 | 20220727151738.0 | ||
| 010 | _aENG-134002 | ||
| 020 |
_c550.00 _a978-81-7854-229-4 |
||
| 035 | _aEN-117534 | ||
| 037 | _bDBAD/PUB | ||
| 100 | _aGIO HUONG | ||
| 245 |
_aBuddhist Ecology/ _cGIO HUONG |
||
| 260 |
_aDelhi _bEastern Book Linkers _c2012 |
||
| 270 |
_aH.O.5825, New Chandrawal, Jawahar Nagar _bDelhi _e110002 |
||
| 300 |
_a187p. _c22cm(hb) |
||
| 942 |
_2ddc _cEN _h294.3376 _mGIO |
||